Khazanah herba : koleksi perubatan tradisional yang hebat dan petua orang tua-tua

Bibliographic Details
Main Author: Ayob Ismail
Format: Book
Published: Petaling Jaya : Golden Books Centre , 2003
Subjects:

MARC

LEADER 00000cam a2200000 7i4500
001 0000003328
005 20050823.0
020 0 0 |a 9837205067 
090 0 0 |a 615.32109595   |b AYO 
100 1 0 |a Ayob Ismail 
245 1 0 |a Khazanah herba :   |b koleksi perubatan tradisional yang hebat dan petua orang tua-tua   |c Ayob Ismail 
260 0 0 |a Petaling Jaya :   |b Golden Books Centre ,   |c 2003 
300 |a vi, 111ms. :   |b il. wrn. ;   |c 23cm. 
650 0 0 |a Herbs   |x Therapeutic use   |z Malaysia 
999 |a 0000006339   |b Monograph   |c Open Shelf   |e Default branch 
999 |a 007007   |b Monograph   |c Open Shelf   |e Default branch